Multinational business finance / (Record no. 16099)
[ view plain ]
| 000 -LEADER | |
|---|---|
| fixed length control field | 00890cam a2200289 a 4500 |
| 001 - CONTROL NUMBER | |
| control field | 16099 |
| 003 - CONTROL NUMBER IDENTIFIER | |
| rucl marc code | BD-RjUL |
| 005 - DATE AND TIME OF LATEST TRANSACTION | |
| control field | 20211208235943.0 |
| 008 - FIXED-LENGTH DATA ELEMENTS--GENERAL INFORMATION | |
| fixed length control field | 140211s1992 maua b 001 0 eng |
| 020 ## - INTERNATIONAL STANDARD BOOK NUMBER | |
| International Standard Book Number | 0201538997 |
| 035 ## - SYSTEM CONTROL NUMBER | |
| System control number | (BD-RjUL)16154 |
| 040 ## - CATALOGING SOURCE | |
| Original cataloging agency | DLC |
| Transcribing agency | DLC |
| Modifying agency | DLC |
| -- | BD-RjUL |
| Language of cataloging | eng |
| 041 ## - LANGUAGE CODE | |
| Language code of text/sound track or separate title | eng |
| 082 00 - DEWEY DECIMAL CLASSIFICATION NUMBER | |
| Classification number | 658.1599 |
| Edition number | 20 |
| Author mark and year | EIM 1992 |
| 100 1# - MAIN ENTRY--PERSONAL NAME | |
| Personal name | Eiteman, David K. |
| 9 (RLIN) | 49835 |
| 245 10 - TITLE STATEMENT | |
| Title | Multinational business finance / |
| Statement of responsibility, etc. | David K. Eiteman. |
| 250 ## - EDITION STATEMENT | |
| Edition statement | 6th ed. |
| 260 ## - PUBLICATION, DISTRIBUTION, ETC. (IMPRINT) | |
| Place of publication, distribution, etc. | Reading, Mass. : |
| Name of publisher, distributor, etc. | Addison-Wesley, |
| Date of publication, distribution, etc. | c1992. |
| 300 ## - PHYSICAL DESCRIPTION | |
| Pagination | xx, 680 p. : |
| Illustrations | ill. (some col.) ; |
| Size | 24 cm. |
| 504 ## - BIBLIOGRAPHY, ETC. NOTE | |
| Bibliography, etc | Includes bibliographical references and indexes. |
| 650 #0 - SUBJECT ADDED ENTRY--TOPICAL TERM | |
| Topical term or geographic name as entry element | International business enterprises |
| General subdivision | Finance. |
| 9 (RLIN) | 49836 |
| 700 1# - ADDED ENTRY--PERSONAL NAME | |
| Personal name | Stonehill, Arthur I. |
| Personal name | Moffett, Michael H. |
| 942 ## - ADDED ENTRY ELEMENTS (KOHA) | |
| Source of classification or shelving scheme | Dewey Decimal Classification |
| Koha item type | Books |
| Lost status | Source of classification or shelving scheme | Damaged status | Not for loan | Collection code | Permanent Location | Current Location | Shelving location | Date acquired | Source of acquisition | Cost, normal purchase price | Total Checkouts | Full call number | Date last seen | Copy number | Koha item type |
|---|---|---|---|---|---|---|---|---|---|---|---|---|---|---|---|
| Dewey Decimal Classification | Non-fiction | Central Library, University of Rajshahi | Central Library, University of Rajshahi | 14/08/1994 | Aligarh Library. | 76.50 | 658.1599 EIM 1992 | 11/02/2014 | C-7 | Books |